Amazing animal journeys / (Record no. 436)
[ view plain ]
| 000 -LEADER | |
|---|---|
| fixed length control field | 01615nam a22003497a 4500 |
| 001 - CONTROL NUMBER | |
| control field | 436 |
| 003 - CONTROL NUMBER IDENTIFIER | |
| control field | FISKH |
| 005 - DATE AND TIME OF LATEST TRANSACTION | |
| control field | 20240614100443.0 |
| 008 - FIXED-LENGTH DATA ELEMENTS--GENERAL INFORMATION | |
| fixed length control field | 230421b cb ||||| |||| 00| 0 eng d |
| 020 ## - INTERNATIONAL STANDARD BOOK NUMBER | |
| International Standard Book Number | 9781426307416 (pbk. : alk. paper) |
| 022 ## - INTERNATIONAL STANDARD SERIAL NUMBER | |
| Source | 9780545333108 |
| 040 ## - CATALOGING SOURCE | |
| Original cataloging agency | DLC |
| Transcribing agency | DLC |
| Modifying agency | DLC |
| -- | FISKH |
| Language of cataloging | eng |
| 050 ## - LIBRARY OF CONGRESS CALL NUMBER | |
| Classification number | QL754.M27 |
| 082 ## - DEWEY DECIMAL CLASSIFICATION NUMBER | |
| Edition number | 591.56 |
| 100 1# - MAIN ENTRY--PERSONAL NAME | |
| Personal name | Marsh, Laura F. |
| 245 10 - TITLE STATEMENT | |
| Title | Amazing animal journeys / |
| Statement of responsibility, etc. | Laura Marsh. |
| 246 30 - VARYING FORM OF TITLE | |
| Title proper/short title | Great migrations. Amazing animal journeys |
| 250 ## - EDITION STATEMENT | |
| Edition statement | First Scholastic printing January 2011 |
| 260 ## - PUBLICATION, DISTRIBUTION, ETC. | |
| Place of publication, distribution, etc. | New York : |
| Name of publisher, distributor, etc. | National Geographic Society, |
| Date of publication, distribution, etc. | 2010 |
| 300 ## - PHYSICAL DESCRIPTION | |
| Extent | 48 pages. : |
| Other physical details | color illustrations ; maps ; |
| Dimensions | 23 cm. |
| 490 0# - SERIES STATEMENT | |
| Series statement | Great migrations |
| 490 0# - SERIES STATEMENT | |
| Series statement | National Geographic kids. Science readers. Level 3 |
| 500 ## - GENERAL NOTE | |
| General note | "National Geographic kids"-Cover. |
| 500 ## - GENERAL NOTE | |
| General note | Includes index. |
| 520 ## - SUMMARY, ETC. | |
| Summary, etc. | Every year like clockwork, animals both big and small are driven by a natural instinct to move, in order to survive. On both land and sea, they fight the odds and the forces of nature to breed, feed, or lead and carry on for future generations. This reader is an introduction to the treacherous trek of the zebra, walrus, and Christmas Island red crab to overcome obstacles that include hungry cheetahs, stinging yellow crazy ants, and even their fellow species to make the often impossible journey of their lives. |
| 521 8# - TARGET AUDIENCE NOTE | |
| Target audience note | 810 <br/><br/> |
| Source | Lexile<br/> |
| 521 8# - TARGET AUDIENCE NOTE | |
| Target audience note | M <br/><br/> |
| Source | Raz-Plus<br/> |
| 650 #0 - SUBJECT ADDED ENTRY--TOPICAL TERM | |
| Topical term or geographic name entry element | Animal migration |
| Form subdivision | Juvenile literature. |
| 906 ## - LOCAL DATA ELEMENT F, LDF (RLIN) | |
| a | 7 |
| b | cbc |
| c | orignew |
| d | 1 |
| e | ecip |
| f | 20 |
| g | y-gencatlg |
| 942 ## - ADDED ENTRY ELEMENTS (KOHA) | |
| Source of classification or shelving scheme | Dewey Decimal Classification |
| Koha item type | Books |
| Suppress in OPAC | No |
| Withdrawn status | Lost status | Source of classification or shelving scheme | Damaged status | Not for loan | Collection | Home library | Current library | Shelving location | Date acquired | Total Checkouts | Full call number | Barcode | Date last seen | Date last checked out | Copy number | Price effective from | Koha item type |
|---|---|---|---|---|---|---|---|---|---|---|---|---|---|---|---|---|---|
| Dewey Decimal Classification | Non-Fiction | Footprints International School Library Network Toul Kork Campus | Footprints International School Library Network Toul Kork Campus | A TK Campus, 4th Floor, Room B401, Non-Fiction Bookcases(7-8) | 04/21/2023 | 1 | MAR 591.56 QL754.M27 | FISBK02786 | 09/28/2023 | 08/31/2023 | 1 | 04/21/2023 | Books | ||||
| Dewey Decimal Classification | Non-Fiction | Footprints International School Library Network Toul Kork Campus | Footprints International School Library Network Toul Kork Campus | A TK Campus, 4th Floor, Room B401, Non-Fiction Bookcases(7-8) | 04/21/2023 | MAR 591.56 QL754.M27 | FISBK02785 | 08/21/2023 | 2 | 04/21/2023 | Books | ||||||
| Dewey Decimal Classification | Non-Fiction | Footprints International School Library Network Toul Kork Campus | Footprints International School Library Network Toul Kork Campus | A TK Campus, 4th Floor, Room B401, Non-Fiction Bookcases(7-8) | 06/14/2024 | MAR 591.56 QL754.M27 | FISTK01164 | 06/14/2024 | 3 | 06/14/2024 | Books | ||||||
| Dewey Decimal Classification | Non-Fiction | Footprints International School Library Network Toul Kork Campus | Footprints International School Library Network Toul Kork Campus | TTP Secondary Non-Fiction Bookshelves | 06/14/2024 | MAR 591.56 QL754.M27 | FIS04657 | 11/29/2024 | 4 | 06/14/2024 | Books |
